000 00515nam a2200193Ia 4500
003 GCL
008 140319s9999 xx 000 0 eng d
040 _aGCL /
_cGCL
082 0 4 _a641.5062
_bS E
100 1 _aSAMIA ABDENNOUR
245 1 0 _aEGYPTIAN COOKING : A PRACTICAL GUIDE /
_cSAMIA ABDENNOUR
260 _a[S.N] :
_bTHE AMERICAN UNIVERSITY IN CAIRO PRESS ،
_c1994
300 _a160 P
650 0 4 _aCOOKING
650 0 4 _aDESSERTS
650 0 4 _aBEVERAGES
650 0 4 _aEGYPT - COOKING
942 _2ddc
_cBK
999 _c12439
_d12439